KAA Gent players since 2000 - Statistics

General Stats
  • This quiz has been taken 9 times
  • The average score is 131 of 337
Answer Stats
Ranking Player Positions Nationality Matches Goals Assists Periods % Correct
19 Jordan Torunarigha CB 104 4 5 2021-2025
88%
114 Gift Orban ST 38 22 2 2022-2024
75%
60 Hugo Cuypers ST 69 35 8 2022-2024
75%
22 Julien De Sart DM 101 12 4 2021-2024
75%
9 Matisse Samoise RM 136 10 13 2020-2025
75%
75 Omri Gandelman AM 60 15 10 2023-2025
75%
1 Sven Kums CM 263 26 30 2014-2016, 2019-2025
75%
10 Alessio Castro-Montes RM 134 13 14 2019-2024
63%
232 Alexander Sørloth ST 9 3 1 2018-2019
63%
307 Alexandre De Bruyn AM 2 2 0 2020-2021
63%
153 Anders Nielsen ST 28 10 5 2000-2002
63%
64 Anderson Esiti DM 66 0 0 2016-2019
63%
147 Anderson Niangbo AM 30 4 1 2019-2021
63%
43 Andreas Hanche-Olsen CB 81 2 1 2020-2023
63%
49 Andrew Hjulsager AM 76 6 9 2021-2025
63%
132 Andri Gudjohnsen ST 34 4 2 2024-2025
63%
181 Arnaud Souquet RB 21 0 2 2018-2019
63%
136 Atsuki Ito CM 33 2 1 2024-2025
63%
101 Birger Verstraete DM 44 5 3 2016-2019
63%
5 Brecht Dejaegere CM 174 16 24 2013-2021
63%
86 Bruno Godeau CB 51 1 1 2019-2023
63%
45 Bryan Ruiz AM 79 26 19 2006-2009
63%
225 Daniel Schmidt GK 10 0 0 2023-2025
63%
16 Danijel Milicevic AM 109 23 26 2013-2018
63%
150 Darko Lemajic ST 29 5 1 2021-2023
63%
29 Davy Roef GK 90 0 0 2020-2025
63%
91 Dylan Bronn CB 49 9 0 2017-2020
63%
53 Elimane Coulibaly ST 75 22 8 2009-2013
63%
24 Elisha Owusu DM 100 0 0 2019-2023
63%
137 Franck Surdez LW 33 3 5 2023-2025
63%
170 Franko Andrijasevic AM 23 2 2 2017-2019
63%
2 Frédéric Herpoel GK 229 1 0 2000-2007
63%
80 Giorgi Chakvetadze AM 56 5 9 2017-2022
63%
130 Giorgi Kvilitaia ST 34 4 5 2018-2020
63%
25 Hannes Van Der Bruggen DM 96 5 12 2011-2017
63%
213 Hélio Varela LW 13 0 1 2024-2025
63%
186 Hugo Gambor CB 21 1 0 2024-2025
63%
243 Hyllarion Goore ST 7 0 0 2024-2025
63%
57 Hyun-seok Hong AM 71 10 14 2022-2025
63%
197 Ibrahim Salah LW 18 3 1 2022-2023
63%
67 Igor Plastun CB 65 3 3 2018-2021
63%
66 Ilombe Mboyo ST 65 23 7 2010-2013, 2021-2022
63%
133 Ismaël Kandouss CB 34 1 0 2023-2025
63%
174 Jens Petter Hauge LW 23 0 2 2022-2023
63%
134 Jérémy Perbet ST 33 13 2 2016-2017
63%
79 Jonathan David ST 57 29 12 2018-2020
63%
61 Joseph Okumu CB 69 1 1 2021-2023
63%
74 Kalifa Coulibaly ST 61 14 8 2015-2018
63%
44 Kenny Saief LM 80 9 7 2014-2018
63%
199 Khalilou Fadiga LW 17 0 3 2007-2008
63%
52 Lasse Nielsen CB 76 1 4 2014-2017
63%
3 Laurent Depoitre ST 201 57 24 2014-2016, 2019-2024
63%
223 Leonardo Lopes CM 11 0 0 2024-2025
63%
208 Louis Verstraete DM 15 2 1 2016-2017, 2019-2020
63%
82 Lovre Kalinic GK 53 0 1 2016-2019
63%
87 Malick Fofana LW 51 3 8 2022-2024
63%
124 Mathias Delorge CM 36 1 3 2024-2025
63%
46 Matz Sels GK 77 0 1 2013-2016
63%
8 Michael Ngadeu CB 136 7 3 2019-2023
63%
173 Mikael Lustig RB 23 0 4 2019-2020
63%
81 Milad Mohammadi LB 55 2 7 2019-2021
63%
138 Momodou Lamin Sonko LW 33 2 3 2023-2025
63%
115 Morten Pedersen LB 38 1 2 2000-2003
63%
69 Moubarak Boussoufa AM 62 16 21 2004-2005, 2015-2016
63%
4 Nana Asare LB 186 3 11 2013-2020
63%
144 Nicklas Pedersen ST 31 6 3 2013-2016
63%
131 Niklas Dorsch DM 34 3 3 2020-2021
63%
116 Noah Fadiga RB 38 5 4 2023-2025
63%
21 Núrio Fortuna LB 102 5 6 2020-2025
63%
145 Osman Bukari RW 31 4 5 2020-2021
63%
109 Paul Nardi GK 41 0 0 2022-2024
63%
30 Rafinha CB 90 2 4 2011-2016
63%
71 Rami Gershon CB 61 1 1 2014-2017
63%
12 Renato Neto DM 124 13 6 2012-2016, 2018-2019
63%
40 Roman Bezus AM 85 12 12 2018-2022
63%
17 Roman Yaremchuk ST 108 48 13 2017-2021
63%
279 Rune Van Den Bergh DM 4 0 0 2022-2023
63%
110 Samuel Gigot CB 41 2 4 2016-2018
63%
126 Samuel Kalu RW 35 9 10 2016-2018
63%
156 Sigurd Rosted CB 28 5 0 2017-2019
63%
76 Sinan Bolat GK 59 0 0 2020-2022
63%
15 Stefan Mitrovic CB 114 3 1 2015-2017, 2023-2025
63%
135 Sulayman Marreh DM 33 1 1 2019-2023
63%
36 Tarik Tissoudali ST 87 38 16 2020-2024
63%
11 Thomas Foket RB 130 3 12 2012-2013, 2014-2019
63%
95 Thomas Kaminski GK 47 0 0 2018-2021
63%
169 Tiago Araújo LB 24 0 2 2024-2025
63%
221 Tibe De Vlieger AM 11 0 0 2023-2025
63%
188 Tim Kleindienst ST 20 2 1 2020-2021
63%
62 Tsuyoshi Watanabe CB 69 5 4 2023-2025
63%
289 William Troost-Ekong CB 3 0 0 2016-2017
63%
14 Yassine El Ghanassy LW 117 15 18 2008-2011, 2013-2014
63%
168 Yonas Malede ST 24 0 0 2020-2022
63%
96 Yuya Kubo AM 46 12 2 2016-2020
63%
257 Aboubakary Koita LW 6 0 1 2018-2019
50%
70 Archie Brown LB 62 3 7 2023-2025
50%
85 Benito Raman ST 51 10 6 2011-2012, 2014-2016
50%
38 Christophe Lepoint CM 87 7 6 2009-2010, 2012-2015
50%
270 Colin Coosemans GK 4 0 0 2018-2021
50%
195 David Pollet ST 18 2 0 2014-2015
50%
222 Dieumerci Ndongala RW 11 0 1 2016-2017
50%
331 Emir Kujovic ST 1 0 0 2016-2017
50%
120 Frank Boeckx GK 36 0 0 2008-2009, 2010-2014
50%
193 Jacob Rinne GK 18 0 0 2016-2018
50%
210 Jordan Botaka RW 13 0 1 2020-2021
50%
207 Kamil Piatkowski CB 15 0 1 2022-2023
50%
158 Mamadou Sylla ST 27 1 5 2017-2018, 2019-2020
50%
220 Matías Fernández-Pardo ST 12 2 0 2022-2025
50%
176 Max Dean ST 23 7 2 2024-2025
50%
33 Moses Simon LW 89 16 13 2014-2018
50%
88 Pieter Gerkens AM 50 4 5 2023-2025
50%
283 Samuel Kotto CB 4 0 0 2024-2025
50%
108 Sergio Padt GK 42 0 0 2011-2014
50%
97 Stijn De Smet AM 45 8 7 2009-2010, 2012-2013
50%
234 Thibault De Smet LB 9 1 0 2016-2017, 2018-2019
50%
122 Thomas Matton AM 36 5 3 2015-2018
50%
233 Timothy Derijck CB 9 0 0 2018-2019
50%
6 Vadis Odjidja-Ofoe CM 143 13 27 2018-2023
50%
191 Yannick Thoelen GK 19 0 0 2016-2019
50%
299 Ahmed Abdullahi ST 2 0 0 2023-2025
38%
296 Aimé Omgba AM 3 1 0 2024-2025
38%
287 Alpha Ba CB 3 0 0 2011-2012
38%
315 Anders Christiansen CM 2 0 0 2017-2018
38%
218 Ante Puljic CB 12 1 0 2013-2015
38%
26 Bernd Thijs DM 96 24 3 2007-2013
38%
7 Bojan Jorgacevic GK 137 0 0 2007-2012
38%
297 Bram Lagae CB 3 0 0 2023-2024
38%
312 Cederick Van Daele LB 2 0 0 2022-2023
38%
73 César Arzo CB 61 4 1 2010-2014
38%
217 Christopher Operi LB 12 0 1 2021-2022
38%
250 Daisuke Yokota RW 7 1 1 2023-2025
38%
259 Damien Marcq CB 6 0 1 2017-2018
38%
228 Dante Vanzeir ST 10 4 1 2024-2025
38%
215 Deiver Machado LB 12 0 1 2017-2018
38%
192 Dino Arslanagic CB 18 0 0 2020-2021
38%
240 Dylan Mbayo RW 8 0 0 2019-2021
38%
310 Eric Smith CB 2 0 0 2018-2019
38%
230 Gianni Bruno ST 10 1 0 2021-2022
38%
54 Gunther Schepens AM 73 20 17 2000-2003
38%
216 Habib Habibou ST 12 5 1 2013-2015
38%
313 Ibrahima Cissé CB 2 0 0 2021-2022
38%
159 Jean-Luc Dompé LW 27 1 7 2018-2020
38%
118 Jesper Jørgensen CM 37 10 7 2010-2012
38%
167 Mido ST 25 11 4 2000-2001
38%
51 Nicolas Lombaerts CB 76 1 1 2004-2007
38%
328 Nicolas Raskin CM 1 0 0 2017-2018
38%
335 Noah De Ridder RM 1 0 0 2022-2023
38%
238 Rangelo Janga ST 8 4 2 2017-2018
38%
205 Rob Schoofs CM 15 1 2 2015-2017
38%
180 Rodgers Kola ST 22 2 0 2012-2014
38%
92 Sandy Martens ST 49 4 4 2003-2007
38%
325 Serge Tabekou LW 1 0 0 2015-2016
38%
311 Siebe Horemans RB 2 0 0 2016-2018
38%
292 Simon Diédhiou ST 3 0 0 2015-2016
38%
183 Stallone Limbombe RW 21 4 7 2018-2019
38%
327 Steve De Ridder CM 1 0 0 2006-2007
38%
204 Taiwo Awoniyi ST 16 0 0 2018-2019
38%
28 Tim Smolders CM 91 13 15 2008-2012
38%
294 Tom Vandenberghe GK 3 0 0 2024-2025
38%
31 Yaya Soumahoro LW 89 12 14 2010-2016
38%
18 Zlatan Ljubijankic ST 105 24 23 2007-2012
38%
258 Abdelmalek Cherrad ST 6 2 1 2004-2005
25%
317 Abdoul Ayinde LB 1 0 0 2023-2024
25%
298 Abdulrazak Ekpoki ST 3 0 0 2008-2009
25%
58 Adékambi Olufadé RW 70 33 16 2006-2010
25%
260 Adewale Oladoye DM 6 0 0 2021-2022
25%
249 Admir Haznadar LW 7 1 0 2007-2008
25%
140 Adnan Custovic RW 32 9 7 2008-2011
25%
163 Adriano Duarte CB 26 0 1 2008-2011
25%
162 Aldo Olcese CM 26 4 2 2000-2002
25%
154 Aleksandar Mutavdzic LB 28 0 0 2007-2009
25%
285 Alexandre Martinovic GK 3 0 0 2006-2008
25%
35 Alexandros Kaklamanos ST 87 40 23 2000-2003
25%
281 Ali Lukunku ST 4 0 0 2004-2005
25%
139 Alin Stoica AM 33 2 5 2006-2008
25%
171 Aliyu Datti ST 23 2 1 2005-2006
25%
155 Anders Møller Christensen CB 28 3 2 2000-2002
25%
224 Bart Goossens RB 10 0 0 2003-2004
25%
305 Benjamin Marechal AM 2 0 0 2004-2005
25%
244 Björn De Coninck LB 7 1 2 2004-2005
25%
206 Blessing Chinedu Anyanwu CB 15 0 0 2005-2006
25%
189 Boban Grncarov CB 20 3 0 2007-2008
25%
246 Brecht Verbrugghe DM 7 0 0 2000-2003
25%
237 Brian Agbor CB 9 0 0 2022-2024
25%
212 Carlos Diogo RB 13 2 0 2013-2014
25%
239 Cédric Carrez CB 8 0 0 2000-2002
25%
93 Christian Brüls AM 48 3 18 2011-2013
25%
48 Christophe Grégoire LM 76 17 16 2005-2008
25%
37 Christophe Grondin DM 87 1 4 2007-2011
25%
107 Damir Mirvic CB 42 0 1 2004-2007
25%
39 Dario Smoje CB 85 4 0 2004-2009
25%
143 Darko Anic CM 31 2 8 2001-2003
25%
303 Darko Bjedov ST 2 0 0 2016-2017
25%
185 David Hubert DM 21 0 2 2012-2014
25%
65 David Van Hoyweghen CB 65 3 2 2002-2005
25%
41 Davy De Beule RM 83 9 3 2004-2009
25%
148 Davy Theunis DM 29 0 0 2003-2004
25%
245 Dieter Dever CB 7 0 1 2002-2004
25%
329 Dieter Wittesaele ST 1 0 0 2007-2008
25%
105 Djima Oyawolé ST 43 18 8 2001-2003
25%
89 Djordje Svetlicic RB 49 1 0 2006-2008
25%
20 Dominic Foley ST 103 29 15 2005-2009
25%
273 Dries Bernaert RM 4 0 0 2002-2003
25%
165 Edin Ramcic CB 25 0 0 2000-2002
25%
319 Édson Montaño ST 1 0 0 2010-2011
25%
277 Emil Sterbal CB 4 0 0 2000-2001
25%
264 Enis Gavazaj LW 5 0 1 2013-2014
25%
229 Erdinc Kurtulus RB 10 0 0 2004-2005
25%
125 Éric Joly CM 35 4 10 2000-2002
25%
236 Erik Berg CB 9 0 0 2015-2016
25%
100 Erlend Hanstveit LB 44 0 2 2008-2011
25%
235 Ernest N'For ST 9 1 3 2005-2006, 2008-2009
25%
288 Ersin Mehmedovic CB 3 0 1 2002-2003, 2004-2005
25%
175 Ervin Zukanovic CB 23 1 1 2012-2014
25%
63 Gaby Mudingayi DM 66 0 2 2000-2004
25%
47 Geri Cipi CB 77 2 2 2000-2003
25%
241 Gilles De Meyer RB 7 1 0 2024-2025
25%
184 Gil Vermouth RM 21 1 1 2007-2008
25%
324 Giorgi Beridze LW 1 0 0 2019-2020
25%
98 Guillaume Gillet DM 45 4 3 2006-2008
25%
231 Gunter Van Handenhoven LW 9 0 0 2002-2003
25%
321 Gustav Wikheim LW 1 0 0 2015-2016
25%
113 Hamad Ndikumana RB 39 2 5 2002-2005
25%
290 Haris Hajradinovic AM 3 0 0 2014-2015
25%
320 Hatem Abd Elhamed CB 1 0 0 2015-2016
25%
160 Hervé Kage LW 27 5 2 2012-2014
25%
78 Ibrahima Conté AM 57 5 4 2009-2013
25%
59 Ibrahima Faye CB 69 0 4 2001-2004
25%
251 Ibrahim Rabiu CM 7 0 0 2016-2017
25%
157 Ivica Jarakovic ST 27 7 3 2003-2005
25%
13 Jacky Peeters RB 121 3 12 2000-2005
25%
275 Jari Vandeputte LW 4 0 1 2013-2014
25%
266 Jean-Jacques Domoraud RB 5 0 0 2006-2007
25%
203 Jérôme Brocard RM 16 3 1 2000-2001
25%
202 Jérôme Lempereur ST 16 1 2 2000-2001
25%
121 Jimmy Hempte LB 36 0 0 2002-2004
25%
323 Jinty Caenepeel RW 1 0 0 2013-2014
25%
90 John Machethe CM 49 4 11 2000-2004
25%
103 Jonas De Roeck CB 43 1 2 2007-2009
25%
261 Jonathan Constancia AM 5 0 0 2003-2004
25%
194 Jordan Remacle RW 18 2 4 2012-2013
25%
267 Jorge López RW 5 0 1 2012-2013
25%
291 Jovica Trajcev DM 3 0 0 2005-2006
25%
214 Jurgen Cavens ST 12 1 1 2003-2004
25%
248 Karim Belhocine CB 7 0 0 2014-2015
25%
42 Kenny Thompson LB 81 2 3 2005-2006, 2008-2011
25%
336 Laurens Maldrie DF 1 0 0 2007-2008
25%
242 Leandro González Pírez CB 7 0 0 2013-2014
25%
278 Lucas Deaux DM 4 0 1 2015-2016
25%
276 Ludovic Buysens CB 4 0 0 2004-2005
25%
268 Luigi Pieroni ST 4 1 0 2009-2010
25%
83 Maamar Mamouni DM 52 3 2 2004-2006
25%
129 Madjid Adjaoud CM 34 0 0 2002-2005
25%
282 Magnus Eriksson CM 4 0 1 2012-2013
25%
211 Mamadou Diop ST 13 0 1 2004-2006
25%
177 Mamoutou N'Diaye CM 23 2 0 2011-2013
25%
128 Marcin Zewlakow ST 34 4 4 2006-2008
25%
99 Mario Baric RB 45 0 2 2010-2012
25%
255 Marko Poletanovic DM 6 0 0 2014-2016
25%
27 Marko Suler CB 95 5 2 2007-2012
25%
209 Martin Laamers RM 14 0 1 2000-2002
25%
152 Massimo Moia LB 29 1 2 2007-2009
25%
337 Mathéo Parmentier DM 1 0 0 2020-2021
25%
34 Mathieu Verschuère DM 88 1 4 2001-2002, 2003-2005
25%
187 Matija Skarabot LB 21 0 1 2010-2013
25%
274 Matthias Geldof LB 4 0 0 2004-2005
25%
117 Mbaye Leye ST 38 9 2 2008-2010
25%
309 Mehmedalija Covic CB 2 0 0 2007-2008
25%
94 Melli CB 47 3 1 2011-2013
25%
179 Miljan Mrdakovic ST 22 4 1 2003-2004
25%
50 Milos Maric CM 76 17 10 2007-2010
25%
300 Mix Diskerud CM 2 0 1 2011-2012
25%
265 Mohamed Habib N'Diaye LB 5 0 0 2006-2007
25%
198 Mohamed Messoudi AM 17 0 1 2012-2013
25%
316 Monday Omo CF 1 0 0 2001-2002
25%
178 Mustapha Oussalah LB 22 1 6 2003-2004, 2014-2015
25%
32 Nasredine Kraouche AM 89 15 10 2000-2004
25%
104 Nebojsa Pavlovic DM 43 6 1 2005-2008
25%
102 Nenad Vanic CB 44 11 3 2001-2003
25%
286 Nermin Zolotić CB 3 0 0 2014-2015
25%
272 Noë Dussenne CB 4 0 0 2017-2018
25%
161 Nordin Jbari ST 26 5 2 2004-2005
25%
263 Ofir Davidzada LB 5 0 0 2016-2017
25%
269 Olivier Van Impe GK 4 0 0 2001-2003
25%
190 Patrice Noukeu CM 19 1 2 2006-2007
25%
111 Patrick Dimbala ST 40 5 2 2001-2004
25%
201 Pau Cendrós RB 17 0 0 2012-2014
25%
254 Petros Konnafis CB 6 0 0 2003-2004
25%
219 Petter Rudi CM 12 3 0 2006-2007
25%
332 Philip Azango LW 1 0 0 2018-2019
25%
256 Philippe Buysens CB 6 0 0 2004-2005
25%
23 Randall Azofeifa DM 100 18 17 2006-2011
25%
141 Rémi Maréval LB 32 4 3 2011-2014
25%
262 Robert Mambo Mumba CM 5 0 0 2003-2004
25%
68 Roberto Rosales RB 63 5 5 2007-2010
25%
151 Roy Myrie CB 29 1 0 2008-2011
25%
284 Samuel Wiart ST 3 0 0 2001-2002
25%
84 Sasa Gajser LM 51 2 6 2000-2002
25%
226 Sébastien Locigno RB 10 0 0 2013-2015
25%
306 Segun Atere MF 2 0 0 2003-2004
25%
127 Shlomi Arbeitman ST 35 6 0 2010-2013
25%
200 Sloan Privat ST 17 2 0 2013-2014
25%
334 Spencer Verbiest DM 1 0 0 2000-2001
25%
55 Stef Wils CB 72 8 0 2008-2011
25%
56 Stephen Laybutt LB 71 1 1 2004-2007
25%
112 Steve Cooreman RM 39 3 3 2004-2006
25%
106 Steven Ribus LM 42 10 3 2002-2005
25%
322 Thomas De Meyer AM 1 0 0 2002-2003
25%
166 Tim Matthys RM 25 5 2 2004-2005
25%
142 Tjörven De Brul CB 31 6 1 2003-2005
25%
119 Tomas Vasov CB 36 2 1 2000-2003
25%
301 Tom Boere ST 2 0 0 2011-2012
25%
302 Uros Vitas CB 2 0 0 2014-2016
25%
293 Vakoun Bayo ST 3 0 0 2021-2022
25%
280 Valeriy Sorokin RM 4 0 0 2008-2009
25%
146 Valery Nahayo CB 31 0 0 2011-2014
25%
77 Vital Borkelmans LB 58 2 9 2000-2002
25%
123 Wallace LB 36 2 6 2010-2013
25%
164 Wim De Decker DM 25 0 4 2002-2003
25%
333 Wouter George CM 1 0 0 2020-2021
25%
72 Wouter Vrancken DM 61 9 3 2004-2006
25%
172 Yngvar Håkonsen LB 23 0 0 2004-2006
25%
314 Zalán Vancsa LW 2 0 0 2024-2025
25%
149 Zézéto RW 29 4 5 2003-2004
25%
252 Zié Diabaté LB 7 0 2 2013-2014
25%
308 Zlatko Runje GK 2 0 0 2004-2005
25%
182 Zoko ST 21 5 3 2005-2006
25%
304 Zoran Savic GK 2 0 0 2000-2001
25%
330 Ahmed Mostafa AM 1 0 0 2018-2019
13%
196 Ahmed Salah Hosny ST 18 4 3 2001-2003
13%
295 Jérémy Taravel CB 3 0 0 2016-2017
13%
247 Marcel Gecov CM 7 0 1 2012-2013
13%
318 Mohammed Barka RM 1 0 0 2000-2001
13%
227 Nenad Mladenovic ST 10 0 1 2005-2006
13%
253 Tarik Kharif LM 7 0 0 2000-2001
13%
326 Thomas Meeuwssen FW 1 0 0 2000-2001
13%
271 Zakaria M'Sila CM 4 0 0 2010-2012
13%
No matching quizzes found
Score Distribution
Percent of People with Each Score
Percentile by Number Answered
Your Score History
You have not taken this quiz